000 00454nam a22001817a 4500
003 MPLRDC
005 20220104143509.0
008 210129b ||||| |||| 00| 0 eng d
020 _a7-302-00939-2
082 _a312.98 LXF
100 _a郭小峰
245 _aDIRECTOR 8 和LINGO程序设计
_c
250 _a一版一刷
260 _a
_b清华大学
_c2000
300 _b
650 _a特殊电脑方法; 多媒体
942 _cBK
_o312.98 LXF
999 _c40480
_d40470